[Event "ARG-ch sf"]
[Site "Mar de Ajo"]
[Date "2025.05.17"]
[Round "7"]
[White "Moreno Perez, Tobias Sebastian"]
[Black "Dolezal, Cristian"]
[Result "0-1"]
[WhiteElo "2282"]
[BlackElo "2368"]
[PlyCount "82"]
[EventDate "2025.05.13"]
[EventType "swiss"]
[EventRounds "9"]
[EventCountry "ARG"]
[SourceTitle "CB22_2025"]
[SourceDate "2025.05.28"]
[SourceVersion "1"]
[SourceVersionDate "2025.05.28"]
[SourceQuality "1"]

1. d4 Nf6 2. c4 g6 3. Nf3 Bg7 4. g3 b6 5. Bg2 Bb7 6. 0-0 0-0 7. d5 Na6 8. Nc3 Nc5 9. Nd4 a5 10. e4 e5 11. Nc2 d6 12. Ne3 Bc8 13. Rb1 Bd7 14. b3 Ne8 15. a3 f5 16. b4 axb4 17. axb4 Na4 18. Nxa4 Bxa4 19. Qd3 f4 20. Nd1 Bd7 21. Nc3 g5 22. f3 h5 23. Bb2 g4 24. Ne2 h4 25. gxf4 h3 26. Bh1 exf4 27. fxg4 Qg5 28. Bf3 Bxg4 29. Kh1 Bxf3+ 30. Qxf3 Qg2+ 31. Qxg2 hxg2+ 32. Kxg2 Ra2 33. Nxf4 Rxb2+ 34. Rxb2 Bxb2 35. Ne6 Rxf1 36. Kxf1 Bc3 37. b5 Be5 38. Kg2 Nf6 39. Kf3 Bxh2 40. Nxc7 Nd7 41. Ne6 Bg1 0-1

[Event "ARG-ch sf"]
[Site "Mar de Ajo"]
[Date "2025.05.15"]
[Round "4"]
[White "Dolezal, Cristian"]
[Black "Deichmann, Esteban Horacio"]
[Result "1-0"]
[WhiteElo "2368"]
[BlackElo "2085"]
[PlyCount "81"]
[EventDate "2025.05.13"]
[EventType "swiss"]
[EventRounds "9"]
[EventCountry "ARG"]
[SourceTitle "CB22_2025"]
[SourceDate "2025.05.28"]
[SourceVersion "1"]
[SourceVersionDate "2025.05.28"]
[SourceQuality "1"]

1. d4 d5 2. c4 e6 3. Nc3 Nf6 4. cxd5 Nxd5 5. e4 Nxc3 6. bxc3 c5 7. Nf3 Be7 8. Bd3 Nd7 9. 0-0 0-0 10. Qe2 f6 11. a4 Qe8 12. a5 Kh8 13. a6 Qh5 14. Ba3 Re8 15. axb7 Bxb7 16. Bb5 Rad8 17. Rfb1 Ba8 18. Bc1 cxd4 19. cxd4 Qg4 20. Rxa7 Bxe4 21. Rba1 Bxf3 22. Qxf3 Qxd4 23. Be3 Qd6 24. Qc6 Qe5 25. Rc1 Rb8 26. Rxd7 Ba3 27. Rb1 Rec8 28. Qa6 Bc1 29. Rxc1 Rxc1+ 30. Bxc1 Qe1+ 31. Bf1 Qxc1 32. Qxe6 h6 33. g3 Qa1 34. Qd5 Rg8 35. h4 Qa8 36. Qf5 Qc6 37. h5 Re8 38. Qg4 Rg8 39. Bd3 Qc1+ 40. Kg2 Qg5 41. Qe4 1-0

[Event "Titled Tuesday intern op 25th Mar Early"]
[Site "Chess.com INT"]
[Date "2025.03.25"]
[Round "6"]
[White "Dolezal, Cristian"]
[Black "Barria Zuniga, Daniel"]
[Result "1/2-1/2"]
[WhiteElo "2368"]
[BlackElo "2341"]
[PlyCount "82"]
[EventDate "2025.03.25"]
[EventType "swiss (blitz)"]
[EventRounds "11"]
[EventCountry "USA"]
[SourceTitle "CB14_2025"]
[SourceDate "2024.11.01"]
[SourceVersion "1"]
[SourceVersionDate "2024.11.01"]
[SourceQuality "1"]

1. d4 Nf6 2. Nc3 c5 3. d5 d6 4. e4 g6 5. f3 a6 6. Bg5 b5 7. Qd2 h6 8. Be3 Nbd7 9. Nge2 Bg7 10. Ng3 Ne5 11. Be2 h5 12. h4 Bd7 13. 0-0 0-0 14. Bh6 b4 15. Nd1 e6 16. Bxg7 Kxg7 17. Ne3 exd5 18. exd5 Re8 19. Rfe1 Nh7 20. Ne4 Qb6 21. Nc4 Nxc4 22. Bxc4 Bb5 23. Qd3 Re5 24. f4 Ree8 25. Nd2 Nf6 26. g3 Qb7 27. b3 Qd7 28. Kg2 Rxe1 29. Rxe1 Re8 30. Re3 Ng4 31. Rxe8 Qxe8 32. Ne4 Bxc4 33. bxc4 Qe7 34. Kf3 f5 35. Ng5 Qe1 36. Ne6+ Kf6 37. Qe2 Qh1+ 38. Qg2 Qd1+ 39. Qe2 Qh1+ 40. Qg2 Qd1+ 41. Qe2 Qh1+ 1/2-1/2

[Event "Titled Tuesday intern op 25th Mar Early"]
[Site "Chess.com INT"]
[Date "2025.03.25"]
[Round "1"]
[White "Dolezal, Cristian"]
[Black "Harshavardhan, GB."]
[Result "1/2-1/2"]
[WhiteElo "2368"]
[BlackElo "2417"]
[PlyCount "148"]
[EventDate "2025.03.25"]
[EventType "swiss (blitz)"]
[EventRounds "11"]
[EventCountry "USA"]
[SourceTitle "CB14_2025"]
[SourceDate "2024.11.01"]
[SourceVersion "1"]
[SourceVersionDate "2024.11.01"]
[SourceQuality "1"]

1. d4 Nf6 2. Nc3 d5 3. Bf4 e6 4. Nb5 Bb4+ 5. c3 Ba5 6. e3 a6 7. Na3 0-0 8. Nf3 Bb6 9. Bd3 c5 10. 0-0 Nbd7 11. h3 Bc7 12. Nb1 b5 13. Nbd2 Bb7 14. Qe2 h6 15. Rfe1 Qb8 16. Bxc7 Qxc7 17. e4 dxe4 18. Nxe4 cxd4 19. cxd4 Nxe4 20. Bxe4 Bxe4 21. Qxe4 Nf6 22. Qe5 Rac8 23. Re2 Rfd8 24. Qxc7 Rxc7 25. g3 Rdc8 26. Rd1 Nd5 27. a3 Kf8 28. Ne5 Rc2 29. Red2 Ke7 30. Kf1 Rxd2 31. Rxd2 Rc1+ 32. Ke2 g5 33. Nf3 f6 34. h4 Rb1 35. hxg5 hxg5 36. Ne1 Nb6 37. Nd3 Nc4 38. Rd1 Rxd1 39. Kxd1 Kd6 40. Kc2 a5 41. Kc3 Kd5 42. f3 Ne3 43. Nf2 f5 44. Kd3 Nc4 45. Kc3 Ne3 46. Kd3 Nf1 47. g4 Nh2 48. Ke3 b4 49. axb4 axb4 50. b3 Nf1+ 51. Kd3 Nh2 52. Ke3 Kc6 53. Nd3 Kb5 54. Nc5 fxg4 55. Nxe6 Nxf3 56. d5 Kb6 57. Kf2 Ne5 58. Kg3 Nd3 59. Kxg4 Nc1 60. Nxg5 Nxb3 61. Ne4 Nc5 62. Nd2 Nd7 63. Kf5 Kc5 64. Ke6 Nb6 65. d6 Kd4 66. Nb3+ Kc3 67. Nc5 Kc4 68. Ne4 Kd3 69. Nc5+ Kd4 70. Nb3+ Kc4 71. Nc1 Kc3 72. Na2+ Kb3 73. Nxb4 Kxb4 74. d7 Nxd7 1/2-1/2

[Event "Titled Tuesday intern op 25th Feb Early"]
[Site "Chess.com INT"]
[Date "2025.02.25"]
[Round "1"]
[White "Abdurakhmanov, Mukhmmadali"]
[Black "Dolezal, Cristian"]
[Result "1-0"]
[WhiteElo "2396"]
[BlackElo "2368"]
[PlyCount "127"]
[EventDate "2025.02.25"]
[EventType "swiss (blitz)"]
[EventRounds "11"]
[EventCountry "USA"]
[SourceTitle "CB10_2025"]
[SourceDate "2025.03.05"]
[SourceVersion "1"]
[SourceVersionDate "2025.03.05"]
[SourceQuality "1"]

1. e4 c6 2. d4 d5 3. exd5 cxd5 4. Bd3 Nf6 5. c3 Qc7 6. h3 Nc6 7. Nf3 e5 8. dxe5 Nxe5 9. Nxe5 Qxe5+ 10. Qe2 Qxe2+ 11. Bxe2 Bd7 12. 0-0 0-0-0 13. Rd1 Bc5 14. Nd2 Ne4 15. Nxe4 dxe4 16. Be3 Bxe3 17. fxe3 Be6 18. Rd4 Rxd4 19. cxd4 Kd7 20. Rc1 Rc8 21. Rxc8 Kxc8 22. a3 a5 23. h4 h6 24. Kf2 g5 25. Kg3 Kc7 26. hxg5 hxg5 27. Kf2 Kd6 28. Ke1 b6 29. Kd2 f5 30. g3 Bb3 31. Kc3 Bd5 32. Bh5 Be6 33. Bg6 Kc6 34. g4 fxg4 35. Bxe4+ Kd6 36. Kd2 g3 37. Ke2 Bg4+ 38. Kf1 Bh3+ 39. Kg1 Ke6 40. Bf3 Kf5 41. Bb7 Kf6 42. b4 axb4 43. axb4 Ke7 44. e4 Kd6 45. e5+ Kc7 46. Bg2 Bg4 47. d5 Bf5 48. Bf3 Bh3 49. Bg2 Bg4 50. Kf1 Kd7 51. Ke1 Ke7 52. Kd2 Kd7 53. Ke3 Bd1 54. Bh3+ Ke7 55. d6+ Kf7 56. e6+ Kf6 57. e7 Kf7 58. Bd7 g2 59. e8Q+ Kf6 60. Qe7+ Kg6 61. Be8+ Kh6 62. Qf6+ Kh7 63. Bg6+ Kg8 64. Qf7+ 1-0

[Event "Titled Tuesday intern op 11th Feb Early"]
[Site "Chess.com INT"]
[Date "2025.02.11"]
[Round "4"]
[White "Dolezal, Cristian"]
[Black "Kodithuwakku, KK Dinujaya"]
[Result "0-1"]
[WhiteElo "2368"]
[BlackElo "2011"]
[PlyCount "68"]
[EventDate "2025.02.11"]
[EventType "swiss (blitz)"]
[EventRounds "11"]
[EventCountry "USA"]
[SourceTitle "CB09_2025"]
[SourceDate "2025.02.27"]
[SourceVersion "1"]
[SourceVersionDate "2025.02.27"]
[SourceQuality "1"]

1. d4 d5 2. Bf4 Nf6 3. Nc3 e6 4. Nb5 Bb4+ 5. c3 Ba5 6. e3 a6 7. Na3 c5 8. dxc5 Nc6 9. Nc2 e5 10. Bg5 Be6 11. b4 Bc7 12. Nf3 0-0 13. Be2 h6 14. Bh4 g5 15. Bg3 Ne4 16. 0-0 Nxc3 17. Qe1 Nxe2+ 18. Qxe2 f5 19. h3 Qf6 20. Bh2 Rae8 21. Nfd4 Bd7 22. Nxc6 Bxc6 23. f3 d4 24. exd4 Bb5 25. dxe5 Bxe5 26. Bxe5 Rxe5 27. Qd2 Bxf1 28. Rxf1 Rfe8 29. Nd4 f4 30. Qc2 Re1 31. Qc4+ Kh8 32. Nc2 R1e2 33. Nd4 Rd2 34. Nb3 Rxa2 0-1

[Event "Villa Martelli ProAm op 31st"]
[Site "Villa Martelli"]
[Date "2024.10.26"]
[Round "8"]
[White "Barrionuevo, Pablo"]
[Black "Dolezal, Cristian"]
[Result "1/2-1/2"]
[WhiteElo "2190"]
[BlackElo "2362"]
[PlyCount "79"]
[EventDate "2024.10.19"]
[EventType "swiss"]
[EventRounds "9"]
[EventCountry "ARG"]
[SourceTitle "CB44_2024"]
[Source "Chessbase"]
[SourceDate "2024.10.30"]
[SourceVersion "1"]
[SourceVersionDate "2024.10.30"]
[SourceQuality "1"]

1. e4 c6 2. d4 d5 3. exd5 cxd5 4. c4 Nf6 5. Nc3 g6 6. cxd5 Nxd5 7. Bc4 Nb6 8. Bb3 Bg7 9. Nf3 0-0 10. h3 Nc6 11. d5 Na5 12. 0-0 Nbc4 13. Qe2 Nd6 14. Bf4 Re8 15. Rfe1 Bd7 16. Be5 Bf6 17. Qd3 Nxb3 18. axb3 Qb6 19. Na4 Qb5 20. Qd4 Nf5 21. Qf4 Bg7 22. Bxg7 Kxg7 23. Ne5 Rad8 24. g4 Nd6 25. Qd4 Kg8 26. Nc5 Qb6 27. b4 Bc8 28. Qf4 f6 29. Nxg6 hxg6 30. Qh6 Qxb4 31. Qxg6+ Kf8 32. Qh6+ Kg8 33. Nd3 Qd4 34. Qg6+ Kf8 35. Ra4 Qxa4 36. Qh6+ Kg8 37. Qg6+ Kf8 38. Qh6+ Kg8 39. Qg6+ Kf8 40. Qh6+ 1/2-1/2

[Event "Villa Martelli ProAm op 31st"]
[Site "Villa Martelli"]
[Date "2024.10.23"]
[Round "5"]
[White "Dolezal, Cristian"]
[Black "Perez Ponsa, Federico"]
[Result "1/2-1/2"]
[WhiteElo "2362"]
[BlackElo "2540"]
[PlyCount "32"]
[EventDate "2024.10.19"]
[EventType "swiss"]
[EventRounds "9"]
[EventCountry "ARG"]
[SourceTitle "CB44_2024"]
[Source "Chessbase"]
[SourceDate "2024.10.30"]
[SourceVersion "1"]
[SourceVersionDate "2024.10.30"]
[SourceQuality "1"]

1. d4 Nf6 2. Nf3 d5 3. c4 e6 4. cxd5 exd5 5. Bg5 h6 6. Bxf6 Qxf6 7. e3 c6 8. Bd3 Be6 9. Qb3 Qe7 10. Nbd2 g5 11. 0-0 Qc7 12. Qc3 Nd7 13. b4 Bg7 14. Nb3 0-0 15. Rfc1 Rac8 16. Rab1 Qb8 1/2-1/2

[Event "Villa Martelli ProAm op 31st"]
[Site "Villa Martelli"]
[Date "2024.10.22"]
[Round "4"]
[White "Villca, Julian"]
[Black "Dolezal, Cristian"]
[Result "0-1"]
[WhiteElo "2424"]
[BlackElo "2362"]
[PlyCount "84"]
[EventDate "2024.10.19"]
[EventType "swiss"]
[EventRounds "9"]
[EventCountry "ARG"]
[SourceTitle "CB44_2024"]
[Source "Chessbase"]
[SourceDate "2024.10.30"]
[SourceVersion "1"]
[SourceVersionDate "2024.10.30"]
[SourceQuality "1"]

1. c4 b6 2. d4 Bb7 3. f3 e6 4. e3 Bb4+ 5. Bd2 Qh4+ 6. g3 Qe7 7. Bg2 f5 8. Ne2 Nf6 9. 0-0 0-0 10. Nbc3 d6 11. a3 Bxc3 12. Nxc3 Nbd7 13. Qe2 e5 14. b4 e4 15. d5 exf3 16. Rxf3 Ne5 17. Rf4 Ba6 18. Raf1 Rae8 19. h3 Bc8 20. a4 Ng6 21. Rd4 Qe5 22. Qe1 Bd7 23. a5 bxa5 24. b5 a4 25. Rf3 a6 26. Qa1 Ne4 27. Nxe4 fxe4 28. Rxf8+ Rxf8 29. Qe1 axb5 30. cxb5 Qh5 31. g4 Qg5 32. Rxe4 Nh4 33. Bh1 Nf3+ 34. Bxf3 Rxf3 35. Kg2 Rf8 36. Rxa4 Qxd5+ 37. e4 Qb3 38. Ra7 Qf3+ 39. Kh2 Bxb5 40. Bc3 Bf1 41. Qg3 Qe2+ 42. Kg1 Rf3 0-1

[Event "ARG-chT"]
[Site "Villa Martelli"]
[Date "2024.09.21"]
[Round "5.2"]
[White "Gomez, Carlos David"]
[Black "Dolezal, Cristian"]
[Result "1/2-1/2"]
[WhiteElo "2329"]
[BlackElo "2365"]
[PlyCount "91"]
[EventDate "2024.08.31"]
[EventType "team-swiss"]
[EventRounds "8"]
[EventCountry "ARG"]
[SourceTitle "EXT 2025"]
[Source "ChessBase"]
[SourceDate "2024.10.14"]
[SourceVersion "1"]
[SourceVersionDate "2024.10.14"]
[SourceQuality "1"]
[WhiteTeam "Ushuaia Jaque Mate"]
[BlackTeam "Tigre"]
[WhiteTeamCountry "ARG"]
[BlackTeamCountry "ARG"]

1. d4 Nf6 2. Nf3 d5 3. c4 e6 4. Bg5 Nbd7 5. cxd5 exd5 6. Nc3 c6 7. e3 Be7 8. Qc2 Nh5 9. Bxe7 Qxe7 10. h3 g6 11. a3 Nb6 12. Qb3 Be6 13. Qb4 Ng7 14. Be2 Rd8 15. Ne5 Nc8 16. Qxe7+ Nxe7 17. b4 a6 18. Na4 Ngf5 19. Nb6 Nd6 20. a4 Rb8 21. 0-0 Kd8 22. Rfc1 Kc7 23. a5 Rbd8 24. Nd3 Nec8 25. Na4 Nb5 26. Ndc5 Rhe8 27. Ra2 Ncd6 28. Nb6 Ne4 29. Bxb5 axb5 30. Nxe4 dxe4 31. Rac2 Kb8 32. Rc5 f6 33. g4 g5 34. d5 Bxd5 35. Nxd5 Rxd5 36. Rxd5 cxd5 37. Rc5 Re5 38. f4 exf3 39. Kf2 f5 40. Rxb5 fxg4 41. hxg4 h5 42. a6 Ka7 43. axb7 Kb8 44. Kxf3 hxg4+ 45. Kxg4 Rxe3 46. Rxd5 1/2-1/2

[Event "Buenos Aires Tigre op"]
[Site "Buenos Aires"]
[Date "2024.09.11"]
[Round "6"]
[White "Dolezal, Cristian"]
[Black "Silva, Lucas"]
[Result "1/2-1/2"]
[WhiteElo "2360"]
[BlackElo "2215"]
[PlyCount "30"]
[EventDate "2024.09.04"]
[EventType "swiss"]
[EventRounds "9"]
[EventCountry "ARG"]
[SourceTitle "EXT 2025"]
[Source "ChessBase"]
[SourceDate "2024.10.14"]
[SourceVersion "1"]
[SourceVersionDate "2024.10.14"]
[SourceQuality "1"]

1. Nf3 d5 2. c4 e6 3. d4 Nf6 4. cxd5 exd5 5. Nc3 a6 6. g3 c6 7. Bg2 Bd6 8. 0-0 0-0 9. Bf4 Bxf4 10. gxf4 Ne8 11. e3 Nd6 12. Ne2 Bg4 13. Ng3 Nd7 14. Qc2 Bxf3 15. Bxf3 Qh4 1/2-1/2

[Event "Buenos Aires Tigre op"]
[Site "Buenos Aires"]
[Date "2024.09.06"]
[Round "3"]
[White "Ferrara, Enzo"]
[Black "Dolezal, Cristian"]
[Result "0-1"]
[WhiteElo "2138"]
[BlackElo "2360"]
[PlyCount "70"]
[EventDate "2024.09.04"]
[EventType "swiss"]
[EventRounds "9"]
[EventCountry "ARG"]
[SourceTitle "EXT 2025"]
[Source "ChessBase"]
[SourceDate "2024.10.14"]
[SourceVersion "1"]
[SourceVersionDate "2024.10.14"]
[SourceQuality "1"]

1. d4 Nf6 2. c4 e6 3. Nf3 Bb4+ 4. Bd2 c5 5. Bxb4 cxb4 6. Nbd2 0-0 7. e3 a5 8. Bd3 d6 9. Qe2 Re8 10. Rd1 b6 11. 0-0 Bb7 12. Ng5 Nbd7 13. f4 Qc7 14. Qf2 h6 15. Qh4 Nf8 16. Ngf3 Qe7 17. g4 a4 18. g5 N6h7 19. Qg4 f5 20. gxf6 Nxf6 21. Qh4 Ra5 22. e4 Ng6 23. Qg3 Nh5 24. Qxg6 Nxf4 25. Qg3 Nxd3 26. b3 e5 27. Nh4 Nf4 28. Rf2 Qg5 29. Kh1 axb3 30. axb3 Ra2 31. d5 Bc8 32. Rdf1 Nh3 33. Re2 Bg4 34. Rg2 Rxd2 35. Nf3 Bxf3 0-1

[Event "Buenos Aires Tigre op"]
[Site "Buenos Aires"]
[Date "2024.09.04"]
[Round "1"]
[White "Bentancour, Walter"]
[Black "Dolezal, Cristian"]
[Result "0-1"]
[WhiteElo "1797"]
[BlackElo "2360"]
[PlyCount "82"]
[EventDate "2024.09.04"]
[EventType "swiss"]
[EventRounds "9"]
[EventCountry "ARG"]
[SourceTitle "EXT 2025"]
[Source "ChessBase"]
[SourceDate "2024.10.14"]
[SourceVersion "1"]
[SourceVersionDate "2024.10.14"]
[SourceQuality "1"]

1. e4 c6 2. f4 d5 3. e5 Nh6 4. Nf3 Bg4 5. d4 e6 6. Bd3 c5 7. c3 Nc6 8. 0-0 Qb6 9. h3 Bxf3 10. Qxf3 cxd4 11. Kh1 0-0-0 12. Qg3 g6 13. c4 dxc4 14. Bxc4 Nf5 15. Qf3 h5 16. Nd2 Ne3 17. Rf2 Bb4 18. Bd3 Kb8 19. Ne4 Be1 20. Re2 Nb4 21. Bb1 Bh4 22. a3 Nbd5 23. Nd6 Rd7 24. g3 Bd8 25. Be4 f5 26. Bxd5 Nxd5 27. Rc2 Be7 28. Nc4 Qa6 29. Bd2 Nc3 30. Nd6 Bxd6 31. bxc3 d3 32. Rb2 Bc5 33. Rb3 Rc8 34. Rab1 Rc6 35. Kh2 Rb6 36. g4 hxg4 37. hxg4 Qa4 38. Rxb6 axb6 39. gxf5 gxf5 40. Qh5 Kc7 41. Qe8 Rh7+ 0-1

[Event "Titled Tuesday intern op 03rd Sep Late"]
[Site "Chess.com INT"]
[Date "2024.09.03"]
[Round "3"]
[White "Dolezal, Cristian"]
[Black "Jimenez Salas, Maria Teresa"]
[Result "1/2-1/2"]
[WhiteElo "2360"]
[BlackElo "1995"]
[PlyCount "76"]
[EventDate "2024.09.03"]
[EventType "swiss (blitz)"]
[EventRounds "11"]
[EventCountry "USA"]
[SourceTitle "EXT 2025"]
[Source "ChessBase"]
[SourceDate "2024.10.14"]
[SourceVersion "1"]
[SourceVersionDate "2024.10.14"]
[SourceQuality "1"]

1. d4 d5 2. c4 c6 3. cxd5 cxd5 4. Bg5 f6 5. Bh4 g5 6. Bg3 Nh6 7. e3 Bg4 8. Be2 Bxe2 9. Qxe2 Nf5 10. Qh5+ Kd7 11. Nc3 e6 12. Nge2 Nc6 13. h4 Nxg3 14. Nxg3 gxh4 15. Rxh4 Bd6 16. Rg4 Qe7 17. 0-0-0 Rag8 18. Rxg8 Rxg8 19. Nce2 Kc8 20. Kb1 Kb8 21. Rh1 Rg7 22. Qf3 a6 23. Nh5 Rf7 24. Nhf4 Qd7 25. Qh3 Nd8 26. Rc1 Bxf4 27. Nxf4 e5 28. Qxd7 Rxd7 29. Nh5 Rd6 30. Ng3 Nc6 31. Nf5 Rd7 32. Rd1 Kc7 33. Kc2 Kd8 34. a3 Ne7 35. Ng7 Ng6 36. Nf5 Ne7 37. Ng7 Nc6 38. Nf5 Ne7 1/2-1/2

[Event "Titled Tuesday intern op 03rd Sep Late"]
[Site "Chess.com INT"]
[Date "2024.09.03"]
[Round "2"]
[White "Nita, Lucian"]
[Black "Dolezal, Cristian"]
[Result "1/2-1/2"]
[WhiteElo "2134"]
[BlackElo "2360"]
[PlyCount "245"]
[EventDate "2024.09.03"]
[EventType "swiss (blitz)"]
[EventRounds "11"]
[EventCountry "USA"]
[SourceTitle "EXT 2025"]
[Source "ChessBase"]
[SourceDate "2024.10.14"]
[SourceVersion "1"]
[SourceVersionDate "2024.10.14"]
[SourceQuality "1"]

1. e4 c6 2. d3 d5 3. Nd2 Qc7 4. Ngf3 Bg4 5. Be2 e6 6. 0-0 Nd7 7. Ne1 Bxe2 8. Qxe2 Bc5 9. Nef3 Ne7 10. b3 0-0 11. Bb2 Rfe8 12. Rae1 Ng6 13. g3 a5 14. a4 Qb6 15. Kg2 Qa6 16. Bd4 Bf8 17. h4 h6 18. h5 Ne7 19. Ne5 Nxe5 20. Bxe5 b5 21. Nf3 bxa4 22. bxa4 f6 23. Bd6 e5 24. Bxe7 Rxe7 25. d4 exd4 26. Qxa6 Rxa6 27. exd5 Rd7 28. Nxd4 cxd5 29. Re6 Ra8 30. Rb1 Bc5 31. Nf5 Kf7 32. Rc6 Bb4 33. c3 Bf8 34. Rb5 g6 35. hxg6+ Kxg6 36. Nh4+ Kf7 37. Nf5 Kg6 38. Nd4 h5 39. Ne6 Bh6 40. Rcc5 Re8 41. Nd4 Bd2 42. Rxa5 Re4 43. Rxd5 Rxd5 44. Rxd5 Bxc3 45. Nf3 Rxa4 46. Nh4+ Kf7 47. Rxh5 Ra2 48. Rf5 Ke6 49. Rf3 Be5 50. Nf5 Kd5 51. Ne3+ Ke6 52. Ng4 Bd4 53. Ne3 Bxe3 54. Rxe3+ Kf5 55. Rf3+ Kg6 56. Rf4 f5 57. Kf3 Ra3+ 58. Kg2 Ra2 59. Rf3 Rb2 60. Rc3 Kf6 61. Rc5 Ra2 62. Rc4 Kg6 63. Rf4 Kg5 64. Rf3 Rb2 65. Rf4 Ra2 66. Rc4 Rb2 67. Rc8 Kf6 68. Rg8 Kf7 69. Rc8 Kf6 70. Rc4 Ra2 71. Rc3 Rb2 72. Kf3 Kg5 73. Re3 Rb4 74. Re2 Ra4 75. Kg2 Ra3 76. f3 Kf6 77. f4 Kg6 78. Kh3 Ra1 79. Re6+ Kf7 80. Rb6 Rh1+ 81. Kg2 Ra1 82. Rc6 Rb1 83. Kh2 Kg7 84. Kh3 Rh1+ 85. Kg2 Rb1 86. Rc5 Kf6 87. Rc2 Ra1 88. Rc6+ Kf7 89. Kh3 Rh1+ 90. Kg2 Rd1 91. Rb6 Rc1 92. Rb2 Kg7 93. Kh3 Rh1+ 94. Rh2 Rg1 95. Rd2 Rh1+ 96. Kg2 Ra1 97. Rd6 Kf7 98. Kf3 Ra3+ 99. Kg2 Ra1 100. Rd5 Kg6 101. Rd3 Kh5 102. Rd8 Kg6 103. Rg8+ Kf6 104. Rg5 Ra8 105. Rh5 Kg6 106. Rh1 Ra2+ 107. Kh3 Kh5 108. Rh2 Ra1 109. Rf2 Rh1+ 110. Kg2 Rb1 111. Kh3 Rh1+ 112. Kg2 Ra1 113. Kh3 Rb1 114. Re2 Rh1+ 115. Kg2 Ra1 116. Kh3 Rh1+ 117. Kg2 Rb1 118. Kf3 Rb3+ 119. Re3 Rb2 120. Re8 Rb3+ 121. Re3 Rb2 122. Re8 Rb3+ 123. Re3 1/2-1/2

[Event "Titled Tuesday intern op 03rd Sep Late"]
[Site "Chess.com INT"]
[Date "2024.09.03"]
[Round "9"]
[White "Swara, Lakshmi S Nair"]
[Black "Dolezal, Cristian"]
[Result "1/2-1/2"]
[WhiteElo "2018"]
[BlackElo "2360"]
[PlyCount "166"]
[EventDate "2024.09.03"]
[EventType "swiss (blitz)"]
[EventRounds "11"]
[EventCountry "USA"]
[SourceTitle "EXT 2025"]
[Source "ChessBase"]
[SourceDate "2024.10.14"]
[SourceVersion "1"]
[SourceVersionDate "2024.10.14"]
[SourceQuality "1"]

1. e4 e6 2. d4 d5 3. Nd2 Nf6 4. e5 Nfd7 5. Bd3 c5 6. c3 Nc6 7. Ne2 cxd4 8. cxd4 Nb4 9. Bb1 Nb6 10. Nf3 Be7 11. 0-0 Bd7 12. a3 Nc6 13. Be3 a5 14. Nf4 a4 15. Nh5 g6 16. Ng7+ Kf8 17. Bh6 Kg8 18. Qd2 Bf8 19. Nh5 Nc4 20. Qf4 Bxh6 21. Qxh6 gxh5 22. Ng5 Qxg5 23. Qxg5+ Kf8 24. Qh6+ Ke8 25. Qg7 Rf8 26. Bxh7 Nxd4 27. Rfe1 Nxb2 28. Rab1 Nc4 29. Rxb7 Nb3 30. Bg6 Nc5 31. Rc7 Rc8 32. Rxc8+ Bxc8 33. Bxh5 Nxa3 34. Qg3 Nc4 35. Qc3 Bd7 36. Qb4 Nd3 37. Qc3 Nxe1 38. Qxe1 Rh8 39. Be2 Nxe5 40. f4 Ng6 41. f5 Ne7 42. fxe6 fxe6 43. Qb4 Nf5 44. Bb5 Rh7 45. Qxa4 Bxb5 46. Qxb5+ Rd7 47. Qb8+ Kf7 48. Qf4 Ke7 49. g4 Nd6 50. g5 Nf5 51. Qe5 d4 52. Qf6+ Kd6 53. Qf8+ Kd5 54. Qa8+ Ke5 55. Qa5+ Rd5 56. Qe1+ Ne3 57. h4 Ke4 58. Kf2 Rf5+ 59. Ke2 e5 60. Qb1+ Kf4 61. g6 Nd5 62. g7 Nc3+ 63. Kd3 Nxb1 64. g8Q Nc3 65. Qg2 e4+ 66. Kxd4 Nd5 67. Qxe4+ Kg3 68. Qxf5 Nf4 69. Qg5+ Kf3 70. h5 Ne6+ 71. Ke5 Nxg5 72. Kf6 Kg4 73. h6 Kh5 74. Kg7 Ne6+ 75. Kh8 Nf8 76. Kg7 Ne6+ 77. Kf6 Ng5 78. Kg7 Kg4 79. Kg6 Kf4 80. Kf6 Kg4 81. Kg6 Kh4 82. Kg7 Kh5 83. h7 Nxh7 1/2-1/2

[Event "ARG-chT"]
[Site "Villa Martelli"]
[Date "2024.08.31"]
[Round "1.3"]
[White "Tempone, Marcelo"]
[Black "Dolezal, Cristian"]
[Result "1/2-1/2"]
[WhiteElo "2390"]
[BlackElo "2365"]
[PlyCount "35"]
[EventDate "2024.08.31"]
[EventType "team-swiss"]
[EventRounds "8"]
[EventCountry "ARG"]
[SourceTitle "EXT 2025"]
[Source "ChessBase"]
[SourceDate "2024.10.14"]
[SourceVersion "1"]
[SourceVersionDate "2024.10.14"]
[SourceQuality "1"]
[WhiteTeam "Obras AySa"]
[BlackTeam "Tigre"]
[WhiteTeamCountry "ARG"]
[BlackTeamCountry "ARG"]

1. d4 Nf6 2. Nf3 g6 3. Bg5 Bg7 4. c3 Ne4 5. Bf4 d6 6. Nbd2 Nxd2 7. Qxd2 Bg4 8. Bh6 Bxh6 9. Qxh6 Bxf3 10. exf3 e6 11. Qg7 Ke7 12. Qh6 Nd7 13. Bd3 Nf6 14. 0-0 Qf8 15. Qd2 Qg7 16. Rfe1 Rhe8 17. Bb5 c6 18. Bf1 1/2-1/2

[Event "Titled Tuesday intern op 27th Aug Early"]
[Site "Chess.com INT"]
[Date "2024.08.27"]
[Round "3"]
[White "Dolezal, Cristian"]
[Black "Abel Mathewos, Tilahun"]
[Result "1/2-1/2"]
[WhiteElo "2365"]
[BlackElo "1972"]
[PlyCount "115"]
[EventDate "2024.08.27"]
[EventType "swiss (blitz)"]
[EventRounds "11"]
[EventCountry "USA"]
[SourceTitle "EXT 2025"]
[Source "ChessBase"]
[SourceDate "2024.10.14"]
[SourceVersion "1"]
[SourceVersionDate "2024.10.14"]
[SourceQuality "1"]

1. d4 d5 2. Bf4 Nf6 3. Nc3 a6 4. e3 c5 5. h3 Nc6 6. Nf3 e6 7. Ne5 Bd6 8. Nxc6 bxc6 9. Bxd6 Qxd6 10. Na4 cxd4 11. exd4 0-0 12. Be2 e5 13. 0-0 exd4 14. Qxd4 Bf5 15. Bd3 Bxd3 16. cxd3 Rfe8 17. Rac1 Re2 18. Rfe1 Rae8 19. Rxe2 Rxe2 20. Kf1 Re6 21. g3 h6 22. Nc5 Re8 23. Nxa6 Qd7 24. Kg2 Re2 25. Nb8 Qb7 26. Nxc6 Qxb2 27. Qxb2 Rxb2 28. a4 Ra2 29. a5 Nd7 30. Ne7+ Kh7 31. Rc7 Ne5 32. d4 Nd3 33. Nxd5 Rxa5 34. Ne3 Kg6 35. Rc3 Nb2 36. Rb3 Ra2 37. h4 Na4 38. Kf3 Rd2 39. Ra3 Nb2 40. Ra6+ f6 41. Ra2 Nc4 42. Nxc4 Rxa2 43. Ne3 Ra4 44. Ke4 Kf7 45. h5 g6 46. hxg6+ Kxg6 47. g4 h5 48. gxh5+ Kxh5 49. f4 Kg6 50. Nd5 Ra1 51. Ne7+ Kf7 52. Nf5 Re1+ 53. Ne3 Re2 54. f5 Ke7 55. Kd3 Ra2 56. Nd5+ Kf7 57. Ke4 Ra8 58. Nc7 1/2-1/2

[Event "Titled Tuesday intern op 27th Aug Early"]
[Site "Chess.com INT"]
[Date "2024.08.27"]
[Round "5"]
[White "Dolezal, Cristian"]
[Black "Levitsky, Andrey"]
[Result "0-1"]
[WhiteElo "2365"]
[BlackElo "2257"]
[PlyCount "76"]
[EventDate "2024.08.27"]
[EventType "swiss (blitz)"]
[EventRounds "11"]
[EventCountry "USA"]
[SourceTitle "EXT 2025"]
[Source "ChessBase"]
[SourceDate "2024.10.14"]
[SourceVersion "1"]
[SourceVersionDate "2024.10.14"]
[SourceQuality "1"]

1. d4 Nf6 2. Nc3 d5 3. Bf4 c6 4. e3 Bf5 5. f3 e6 6. g4 Bg6 7. h4 h6 8. h5 Bh7 9. Bd3 Bxd3 10. Qxd3 a6 11. e4 dxe4 12. Nxe4 Nd5 13. Bd2 Nd7 14. c4 N5f6 15. Ne2 Nxe4 16. Qxe4 Nf6 17. Qe3 Qb6 18. 0-0-0 Be7 19. Kb1 0-0-0 20. Bc1 Rd7 21. Rd3 Rhd8 22. Rhd1 c5 23. dxc5 Bxc5 24. Rxd7 Rxd7 25. Rxd7 Bxe3 26. Rxf7 Bxc1 27. Nxc1 Nd7 28. Rxg7 Ne5 29. g5 Nxc4 30. b3 Na3+ 31. Kb2 Qd4+ 32. Kxa3 Qxg7 33. g6 Qf8+ 34. Ka4 Qxf3 35. b4 b5+ 36. Ka5 Kb7 37. Nb3 Ka7 38. Nc5 Qa3+ 0-1